000 00891cad a22002055a 4500
001 L150897
008 100913s2010 xxk f 000 0 eng d
035 _a(Sirsi) u150897
041 0 _aeng
050 0 4 _a692.5098 $2 18
110 2 _aUK Trade and Investment
_94699
245 0 0 _aBriefing on construction sector in Brazil
_h[electronic resource]
260 _a[S.I.]
_bUKTI
_c2010
520 _aOverview of the construction opportunities in Brazil; economy; housing; real estate; shopping; hotel; industrial; sustainable construction; infrastructure; roads; why Brazil? major events and activities; UKTI contacts; next steps and how UKTI can help.
590 _aKA NTK
651 4 _aBrazil
690 _aBUILT ENVIRONMENT-BUILDING COSTS
856 4 8 _uhttps://www.ukti.gov.uk/uktihome/home/sectorbriefing/110266.html
_zView the website free of charge at www.ukti.gov.uk
942 _n0
999 _c111012
_d111012